| 000 | 00561cam a22001932a 4500 | ||
|---|---|---|---|
| 001 | 009719 | ||
| 003 | AR-FADEU | ||
| 008 | 311216n1971####xxu####################dd | ||
| 092 |
_a361.28 _bL864 _eBLYNK |
||
| 100 | _aLópez Medina, Antolin | ||
| 245 | _aHacia una elaboración técnica y metodologíca de un trabajo social latinoamericano | ||
| 260 | _aBuenos Aires | ||
| 260 | _bECRO | ||
| 260 | _c1971 | ||
| 300 | _a126 p. : cuad | ||
| 440 |
_aTemas de T.S. _n4 |
||
| 650 | _aTRABAJO SOCIAL-TECNICA; TRABAJO SOCIAL-METODOLOGIA/BLYNK/ | ||
| 942 | _cBLYNK | ||
| 999 |
_c15515 _d15515 |
||